| 000 | 01431nam a2200385 i 4500 | ||
|---|---|---|---|
| 001 | 30363 | ||
| 003 | KOSZ 005 | ||
| 005 | 20240405063050.0 | ||
| 008 | 961010s1994 pl f |000 0 pol d | ||
| 020 | _a8385949429 | ||
| 040 |
_cKOSZ 005 _aKOSZ 005 _dKOSZ 005/HR |
||
| 046 | _k1994 | ||
| 080 | _a502.17(438) | ||
| 080 | _a502.3(438) | ||
| 245 | 0 | 0 |
_aRaport o stężeniach głównych zanieczyszczeń powietrza w Polsce w 1993 roku na podstawie pomiarów w sieci podstawowej / _cGrażyna Mitosek [et al.] ; Państwowa Inspekcja Ochrony Środowiska. |
| 260 |
_aWarszawa : _bPIOŚ, _c1994. |
||
| 300 |
_a92 s. : _bmapy, wykr. ; _c24 cm. |
||
| 336 |
_2rdacontent _aTekst _btxt |
||
| 337 |
_2rdamedia _aBez urządzenia pośredniczącego _bn |
||
| 338 |
_2rdacarrier _aWolumin _bnc |
||
| 490 | 1 | _aBiblioteka Monitoringu Środowiska | |
| 504 | _aBibliogr. s. 91. | ||
| 648 | 7 | _a1901-2000 | |
| 648 | 7 | _a1989-2000 | |
| 650 | 4 | _aAtmosfera | |
| 650 | 4 | _aDegradacja środowiska | |
| 650 | 4 | _aZanieczyszczenie powietrza | |
| 655 | 7 | _aRaport | |
| 658 | _aOchrona środowiska | ||
| 700 | 1 |
_aMitosek, Grażyna _eAutor |
|
| 710 | 1 |
_aPaństwowa Inspekcja Ochrony Środowiska _4pbl |
|
| 830 | 0 | _aBiblioteka Monitoringu Środowiska | |
| 856 |
_uhttp://koha.tu.koszalin.pl/cgi-bin/koha/opac-detail.pl?biblionumber=30363 _yKatalog online BPK |
||
| 942 |
_cKS _2UKD |
||
| 999 |
_c30363 _d30363 |
||